01012pam a2200277 a 45000010008000000030004000080050017000120080041000290100017000700200015000870200022001020400018001240430012001420500023001540820016001771000033001932450072002262600081002983000025003795040030004046000068004346500054005027000018005568560074005748560086006482861248OSt20170126090120.0851127s1986 enk b 000 0 eng  a 85029977  a0521255775 a0521311500 (pbk.) aDLCcDLCdDLC ae-uk-en00aPR2976b.E554 198600a822.3/32191 aEmpson, William,d1906-1984.10aEssays on Shakespeare /cWilliam Empson ; edited by David B. Pirie. aCambridge [Cambridgeshire] ;aNew York :bCambridge University Press,c1986. aix, 246 p. ;c23 cm. aBibliography: p. 244-246.10aShakespeare, William,d1564-1616xCriticism and interpretation. 0aTheaterszEnglandzLondonxHistoryy16th century.1 aPirie, David.413Table of contentsuhttp://www.loc.gov/catdir/toc/cam023/85029977.html423Publisher descriptionuhttp://www.loc.gov/catdir/description/cam023/85029977.html